000
00446nam a2200145Ia 4500
008
100122s9999 xx 000 0 und d
082
_b
17467
_a
Nill
100
_a
सोवनी रा वि
245
_a
भारतीय पक्षी
260
_b
नॅशनल बुक ट्रस्ट
_c
1969
300
_a
121
630
_a
भारतीय पक्षी
730
_a
भारतीय पक्षी
942
_c
BOOK
999
_c
407165
_d
407162